000
00214nam a22000857a 4500
008
170202b xxu||||| |||| 00| 0 eng d
100
_9
2744
_a
CBSE
245
_a
Teacher Manual on CCE-IX-X
260
_a
New Delhi
_b
CBSE
_c
2009
999
_c
5922
_d
5922